[Event "Backa Topola-ch"]
[Site "Backa Topola"]
[Date "2019.12.09"]
[Round "7"]
[White "Smit, Jovan"]
[Black "Kalmar, Robert"]
[Result "0-1"]
[WhiteElo "1793"]
[BlackElo "1856"]
[PlyCount "60"]
[EventDate "2019.11.25"]
[EventType "swiss"]
[EventRounds "9"]
[EventCountry "SRB"]
[SourceTitle "CBM 193 Extra"]
[Source "ChessBase"]
[SourceDate "2020.01.31"]
[SourceVersion "1"]
[SourceVersionDate "2020.01.31"]
[SourceQuality "1"]

1. e4 e6 2. d4 d5 3. exd5 exd5 4. Nf3 Nf6 5. Bd3 Bg4 6. h3 Bh5 7. Be3 Bd6 8. Nbd2 Nbd7 9. c3 c6 10. Qc2 Qc7 11. 0-0-0 0-0-0 12. Kb1 Rde8 13. Rc1 Kb8 14. Ka1 Bg6 15. Ne1 Bf4 16. Bxg6 Bxe3 17. fxe3 hxg6 18. Qd3 Qg3 19. Nc2 Qxg2 20. c4 Rxh3 21. Rxh3 Qxh3 22. cxd5 Nxd5 23. Nc4 Qe6 24. Qa3 N7b6 25. Na5 Qe7 26. Qb3 Qe6 27. Qa3 Rh8 28. e4 Qxe4 29. Qd6+ Ka8 30. Nxc6 Qxc2 0-1

[Event "Senta op 22nd"]
[Site "Senta"]
[Date "2018.07.14"]
[Round "1"]
[White "Kalmar, Robert"]
[Black "Kumic, Filip"]
[Result "0-1"]
[WhiteElo "1848"]
[BlackElo "2230"]
[PlyCount "44"]
[EventDate "2018.07.14"]
[EventType "swiss"]
[EventRounds "9"]
[EventCountry "SRB"]
[SourceTitle "CBM 185 Extra"]
[Source "ChessBase"]
[SourceDate "2018.07.29"]
[SourceVersion "1"]
[SourceVersionDate "2018.07.29"]
[SourceQuality "1"]

1. d4 Nf6 2. c4 g6 3. Nc3 Bg7 4. e4 0-0 5. Nf3 d6 6. Be2 c6 7. 0-0 Na6 8. h3 e5 9. dxe5 dxe5 10. Be3 Qe7 11. Qc2 Nh5 12. Ne1 Nf4 13. Bf3 Rd8 14. a3 Nc5 15. Rd1 Nce6 16. Rxd8+ Qxd8 17. Ne2 Qf6 18. Nd3 Nxh3+ 19. gxh3 Qxf3 20. Ng3 Nf4 21. Bxf4 Bxh3 22. Ne1 Qxf4 0-1

[Event "Senta op-B 16th"]
[Site "Senta"]
[Date "2012.07.16"]
[Round "4"]
[White "Kalmar, Robert"]
[Black "Abel, Istvan"]
[Result "1-0"]
[WhiteElo "1892"]
[BlackElo "1673"]
[PlyCount "99"]
[EventDate "2012.07.14"]
[EventType "swiss"]
[EventRounds "9"]
[EventCountry "SRB"]
[SourceTitle "CBM 149 Extra"]
[Source "ChessBase"]
[SourceDate "2012.08.24"]
[SourceVersion "1"]
[SourceVersionDate "2012.08.24"]
[SourceQuality "1"]

1. e4 c5 2. Nf3 Nc6 3. d4 cxd4 4. Nxd4 g6 5. Be3 Bg7 6. Nc3 a6 7. f3 e6 8. Qd2 Nge7 9. Be2 0-0 10. g4 Re8 11. h4 d5 12. 0-0-0 Nxd4 13. Bxd4 e5 14. Bc5 d4 15. h5 Be6 16. Bxe7 Qxe7 17. Nd5 Bxd5 18. exd5 Qc5 19. hxg6 fxg6 20. Kb1 Re7 21. Bd3 Qxd5 22. Be4 Qd6 23. g5 Ra7 24. c4 b5 25. Bd5+ Kh8 26. Qh2 Bf8 27. Rxd4 bxc4 28. Bf7 Rxf7 29. Rxd6 Bxd6 30. Qc2 Rfc7 31. Qxg6 Bf8 32. Qf5 Rf7 33. Qxe5+ Bg7 34. Qe4 Bf8 35. f4 Rab7 36. f5 c3 37. b3 Rbc7 38. Kc2 Rfd7 39. Rh2 Re7 40. Qd4+ Kg8 41. Qd5+ Kh8 42. f6 Red7 43. Qf5 Kg8 44. Qe6+ Rf7 45. Rg2 Bb4 46. g6 hxg6 47. Rxg6+ Kh7 48. Qe4 Kh8 49. Qxb4 Rcd7 50. Rh6+ 1-0

[Event "Senta January op"]
[Site "Senta"]
[Date "2011.01.29"]
[Round "4"]
[White "Sedlak, Ivan"]
[Black "Kalmar, Robert"]
[Result "1-0"]
[WhiteElo "2180"]
[BlackElo "1882"]
[PlyCount "45"]
[EventDate "2011.01.21"]
[EventType "swiss"]
[EventRounds "9"]
[EventCountry "SRB"]
[SourceTitle "CBM 140 Extra"]
[Source "ChessBase"]
[SourceDate "2011.03.01"]
[SourceVersion "1"]
[SourceVersionDate "2011.03.01"]
[SourceQuality "1"]

1. e4 e5 2. Nf3 Nf6 3. Nxe5 d6 4. Nf3 Nxe4 5. Nc3 Nxc3 6. dxc3 Be7 7. h3 Nc6 8. Be3 Be6 9. Bd3 Qd7 10. Qe2 a6 11. 0-0-0 Bf6 12. Kb1 b5 13. g4 h6 14. Nd2 Kd8 15. f4 Bd5 16. Rhe1 Re8 17. Qf2 Na5 18. Bd4 c5 19. Bxf6+ gxf6 20. Be4 Qc6 21. Bxd5 Rxe1 22. Qxe1 Qxd5 23. Ne4 1-0

[Event "Senta January op"]
[Site "Senta"]
[Date "2011.01.23"]
[Round "3"]
[White "Kalmar, Robert"]
[Black "Aleksic, Zvonimir"]
[Result "1-0"]
[WhiteElo "1882"]
[BlackElo "1985"]
[PlyCount "67"]
[EventDate "2011.01.21"]
[EventType "swiss"]
[EventRounds "9"]
[EventCountry "SRB"]
[SourceTitle "CBM 140 Extra"]
[Source "ChessBase"]
[SourceDate "2011.03.01"]
[SourceVersion "1"]
[SourceVersionDate "2011.03.01"]
[SourceQuality "1"]

1. d4 Nf6 2. c4 g6 3. Nc3 Bg7 4. Nf3 0-0 5. Bf4 d6 6. Qd2 Re8 7. Bh6 Bh8 8. h3 Nc6 9. e4 e5 10. d5 Nd4 11. Be2 c6 12. Bg5 Qa5 13. 0-0 Bd7 14. h4 cxd5 15. cxd5 Nxe2+ 16. Qxe2 Nh5 17. Nh2 Bf6 18. Bxf6 Nxf6 19. g4 h5 20. f3 Qd8 21. Qg2 Rc8 22. Rf2 Rc4 23. Raf1 Rf8 24. g5 Nh7 25. f4 Qc8 26. Qg3 exf4 27. Rxf4 b5 28. Qf3 Be8 29. Rf2 Qc5 30. Nf1 b4 31. Ne2 Rc2 32. Nfg3 Qc7 33. Nxh5 gxh5 34. g6 1-0

[Event "Senta January op"]
[Site "Senta"]
[Date "2010.01.24"]
[Round "3"]
[White "Kalmar, Robert"]
[Black "Kecskemeti, Krisztina"]
[Result "1-0"]
[WhiteElo "1891"]
[BlackElo "1663"]
[PlyCount "131"]
[EventDate "2010.01.22"]
[EventType "swiss"]
[EventRounds "9"]
[EventCountry "YUG"]
[SourceTitle "EXT 2011"]
[Source "ChessBase"]
[SourceDate "2010.11.26"]
[SourceVersion "1"]
[SourceVersionDate "2010.11.26"]
[SourceQuality "1"]

1. d4 d5 2. Nf3 Nf6 3. Bf4 Bg4 4. e3 Nbd7 5. Be2 e6 6. h3 Bxf3 7. Bxf3 c5 8. c3 Qb6 9. Qc2 Rc8 10. Nd2 cxd4 11. exd4 Qxd4 12. Be3 Qe5 13. 0-0 Bc5 14. Rfe1 Bxe3 15. Rxe3 Qc7 16. Qa4 a6 17. Rae1 0-0 18. Qh4 Rfe8 19. Bd1 e5 20. Bb3 Nf8 21. Nf3 e4 22. Nd4 Ng6 23. Qg3 Qxg3 24. fxg3 Ne7 25. g4 Rcd8 26. Kf2 Nc6 27. Rd1 Na5 28. Kg3 Nxb3 29. Nxb3 g5 30. Nd4 Nd7 31. Rf1 Ne5 32. Rf5 h6 33. h4 gxh4+ 34. Kxh4 Nc6 35. Rf2 Nxd4 36. cxd4 Rc8 37. g5 hxg5+ 38. Kxg5 Rc4 39. Rd2 Kg7 40. Kf5 f6 41. b3 Rc6 42. g4 Kf7 43. Rh2 Kg7 44. Reh3 e3 45. Rh7+ Kf8 46. Rh8+ Ke7 47. Rxe8+ Kxe8 48. Re2 Rc3 49. Kxf6 Rc6+ 50. Ke5 Rg6 51. Kxd5 Rxg4 52. Rxe3+ Kd7 53. a4 b6 54. Rh3 Rg7 55. b4 Rg5+ 56. Kc4 Rg6 57. b5 a5 58. Rf3 Ke6 59. Rf8 Rh6 60. Rc8 Kd7 61. Rg8 Kd6 62. Rg7 Ke6 63. Rc7 Kf5 64. Rc6 Rxc6+ 65. bxc6 Ke6 66. d5+ 1-0

[Event "Senta January op"]
[Site "Senta"]
[Date "2010.01.22"]
[Round "1"]
[White "Farkas, Tibor"]
[Black "Kalmar, Robert"]
[Result "1-0"]
[WhiteElo "2271"]
[BlackElo "1891"]
[PlyCount "79"]
[EventDate "2010.01.22"]
[EventType "swiss"]
[EventRounds "9"]
[EventCountry "YUG"]
[SourceTitle "EXT 2011"]
[Source "ChessBase"]
[SourceDate "2010.11.26"]
[SourceVersion "1"]
[SourceVersionDate "2010.11.26"]
[SourceQuality "1"]

1. c4 e5 2. Nc3 Nf6 3. Nf3 Nc6 4. g3 h6 5. Bg2 d6 6. 0-0 Be6 7. b3 Qd7 8. d4 exd4 9. Nxd4 Nxd4 10. Qxd4 c6 11. Rd1 Be7 12. Bf4 0-0 13. Bxd6 Bxd6 14. Qxd6 Qxd6 15. Rxd6 Rfd8 16. Rad1 Rxd6 17. Rxd6 Kf8 18. h3 Ke7 19. Rd3 Rd8 20. Rxd8 Kxd8 21. f4 Nd7 22. e4 f5 23. exf5 Bxf5 24. g4 Bc2 25. Kf2 a5 26. Ke3 Bh7 27. Kd4 Kc7 28. Be4 Bg8 29. Bd3 b6 30. f5 Bf7 31. Ne4 c5+ 32. Ke3 Be8 33. Kf4 Kd8 34. Nc3 Nf6 35. Nd5 Nxd5+ 36. cxd5 a4 37. Ke5 axb3 38. axb3 Bd7 39. Kd6 Be8 40. h4 1-0

[Event "Senta op-B 13th"]
[Site "Senta"]
[Date "2009.07.22"]
[Round "6"]
[White "Kalmar, Robert"]
[Black "Kumic, Filip"]
[Result "0-1"]
[WhiteElo "1841"]
[BlackElo "1931"]
[PlyCount "62"]
[EventDate "2009.07.18"]
[EventType "swiss"]
[EventRounds "9"]
[EventCountry "YUG"]
[SourceTitle "EXT 2012"]
[Source "ChessBase"]
[SourceDate "2011.11.24"]
[SourceVersion "1"]
[SourceVersionDate "2011.11.24"]
[SourceQuality "1"]

1. d4 Nf6 2. Nf3 g6 3. Bf4 Bg7 4. e3 0-0 5. Bd3 d6 6. c3 Nbd7 7. Nbd2 Nh5 8. g3 c6 9. 0-0 Nxg3 10. fxg3 Qc7 11. e4 e5 12. Rc1 h6 13. Bc4 Nf6 14. Qe2 Re8 15. Nh4 exd4 16. cxd4 d5 17. Bd3 Bg4 18. Nhf3 dxe4 19. Nxe4 Rxe4 20. Bxe4 Re8 21. Rce1 Rxe4 22. Qxe4 Nxe4 23. Rxe4 Bxf3 24. Rxf3 Qd7 25. Rd3 f5 26. Re2 Bxd4+ 27. Kh1 Kf7 28. h4 c5 29. b3 Kf6 30. Rf3 Be5 31. Ref2 Qd4 0-1

[Event "Senta op-B 13th"]
[Site "Senta"]
[Date "2009.07.18"]
[Round "1"]
[White "Sedlak, Ivan"]
[Black "Kalmar, Robert"]
[Result "1/2-1/2"]
[WhiteElo "2151"]
[BlackElo "1841"]
[PlyCount "39"]
[EventDate "2009.07.18"]
[EventType "swiss"]
[EventRounds "9"]
[EventCountry "YUG"]
[SourceTitle "EXT 2012"]
[Source "ChessBase"]
[SourceDate "2011.11.24"]
[SourceVersion "1"]
[SourceVersionDate "2011.11.24"]
[SourceQuality "1"]

1. e4 c5 2. Nf3 Nc6 3. Bb5 a6 4. Bxc6 dxc6 5. h3 g6 6. 0-0 Bg7 7. Re1 e5 8. d3 Be6 9. Be3 b6 10. Nc3 Ne7 11. a3 0-0 12. b4 cxb4 13. axb4 Qc7 14. Na4 Rfb8 15. d4 exd4 16. Bxd4 Bxd4 17. Qxd4 a5 18. Ng5 Bd7 19. Qf6 Be8 20. Re3 1/2-1/2

[Event "Senta op-B 11th"]
[Site "Senta"]
[Date "2007.07.22"]
[Round "4"]
[White "Kalmar, Robert"]
[Black "Ferenczi, Jozsef1111"]
[Result "0-1"]
[WhiteElo "1883"]
[BlackElo "2064"]
[PlyCount "35"]
[EventDate "2007.07.20"]
[EventType "swiss"]
[EventRounds "9"]
[EventCountry "SRB"]
[SourceTitle "EXT 2023"]
[Source "ChessBase"]
[SourceDate "2022.10.05"]
[SourceVersion "1"]
[SourceVersionDate "2022.10.05"]
[SourceQuality "1"]

1. d4 c6 2. e4 d5 3. e5 Bf5 4. Bd3 Bg6 5. f4 e6 6. Nf3 c5 7. Be3 Qb6 8. b3 Nc6 9. Bxg6 hxg6 10. Qe2 Nxe5 11. Qf2 cxd4 12. Bxd4 Nxf3+ 13. Qxf3 Bc5 14. c4 Bxd4 15. cxd5 Qb4+ 16. Qc3 Bxc3+ 17. Nxc3 Qxc3+ 18. Kf2 0-1

[Event "Subotica-ch op "]
[Site "Subotica"]
[Date "2007.03.07"]
[Round "8"]
[White "Bosnjak, Slobodan"]
[Black "Kalmar, Robert"]
[Result "0-1"]
[WhiteElo "2014"]
[BlackElo "1800"]
[PlyCount "56"]
[EventDate "2007.02.19"]
[EventType "swiss"]
[EventRounds "9"]
[EventCountry "YUG"]
[SourceTitle "EXT 2008"]
[Source "ChessBase"]
[SourceDate "2007.11.25"]
[SourceVersion "1"]
[SourceVersionDate "2007.11.25"]
[SourceQuality "1"]

1. e4 c5 2. Bc4 g6 3. Qf3 e6 4. Qc3 Qf6 5. e5 Qd8 6. Nf3 Bg7 7. d4 cxd4 8. Qxd4 Nc6 9. Qc3 d6 10. Bf4 Nge7 11. 0-0 dxe5 12. Bxe5 Nxe5 13. Nxe5 0-0 14. Nd2 b5 15. Bd3 Bb7 16. f4 Nf5 17. Bxf5 exf5 18. Rad1 Rc8 19. Qb3 Bxe5 20. fxe5 Qd4+ 21. Kh1 Qxe5 22. a4 Qe2 23. Rg1 Bxg2+ 24. Rxg2 Qxd1+ 25. Rg1 Qxd2 26. Qxb5 Rxc2 27. Qe5 Rxb2 28. h4 Qf2 0-1

[Event "Subotica-ch op "]
[Site "Subotica"]
[Date "2007.02.23"]
[Round "3"]
[White "Lanji, Laslo"]
[Black "Kalmar, Robert"]
[Result "1/2-1/2"]
[WhiteElo "1934"]
[BlackElo "1800"]
[PlyCount "88"]
[EventDate "2007.02.19"]
[EventType "swiss"]
[EventRounds "9"]
[EventCountry "YUG"]
[SourceTitle "EXT 2008"]
[Source "ChessBase"]
[SourceDate "2007.11.25"]
[SourceVersion "1"]
[SourceVersionDate "2007.11.25"]
[SourceQuality "1"]

1. d4 Nf6 2. c4 e6 3. Nf3 b6 4. g3 Bb7 5. Bg2 Be7 6. Nc3 0-0 7. 0-0 Re8 8. Qc2 d5 9. Ne5 Na6 10. a3 c5 11. e3 Nc7 12. Rd1 Qc8 13. b3 dxc4 14. Nxc4 Bxg2 15. Kxg2 Ncd5 16. Bb2 Qb7 17. Kg1 Rec8 18. Qe2 Nxc3 19. Bxc3 Nd5 20. Bb2 Rc7 21. dxc5 Rxc5 22. Qf3 Rb8 23. Be5 Rbc8 24. Qg4 Nf6 25. Qe2 Qa8 26. Bd4 Rd5 27. a4 Rcd8 28. Bxf6 Bxf6 29. Rab1 Qc6 30. h3 h6 31. Kh2 a5 32. Rbc1 Rxd1 33. Rxd1 Rxd1 34. Qxd1 Be7 35. Qd4 Qf3 36. Qd2 Bb4 37. Qc2 Bc5 38. Kg1 Qd5 39. Qd2 Qxd2 40. Nxd2 Kf8 41. Kf1 Ke7 42. Ke2 Kd6 43. Kd3 Kd7 44. f3 Kc6 1/2-1/2

[Event "Subotica-ch op "]
[Site "Subotica"]
[Date "2007.02.21"]
[Round "2"]
[White "Kalmar, Robert"]
[Black "Brajic, Miloje"]
[Result "0-1"]
[WhiteElo "1800"]
[BlackElo "2249"]
[PlyCount "28"]
[EventDate "2007.02.19"]
[EventType "swiss"]
[EventRounds "9"]
[EventCountry "YUG"]
[SourceTitle "EXT 2008"]
[Source "ChessBase"]
[SourceDate "2007.11.25"]
[SourceVersion "1"]
[SourceVersionDate "2007.11.25"]
[SourceQuality "1"]

1. c4 Nf6 2. Nc3 e6 3. e3 d5 4. cxd5 exd5 5. d4 Bd6 6. Bd3 0-0 7. Nge2 c6 8. 0-0 Bxh2+ 9. Kxh2 Ng4+ 10. Kg1 Qh4 11. Re1 Qxf2+ 12. Kh1 f5 13. Nf4 Rf6 14. Qe2 Qg3 0-1

[Event "Subotica-ch op "]
[Site "Subotica"]
[Date "2007.02.19"]
[Round "1"]
[White "Szabados, Karoly"]
[Black "Kalmar, Robert"]
[Result "1-0"]
[WhiteElo "2072"]
[BlackElo "1800"]
[PlyCount "41"]
[EventDate "2007.02.19"]
[EventType "swiss"]
[EventRounds "9"]
[EventCountry "YUG"]
[SourceTitle "EXT 2008"]
[Source "ChessBase"]
[SourceDate "2007.11.25"]
[SourceVersion "1"]
[SourceVersionDate "2007.11.25"]
[SourceQuality "1"]

1. Nf3 d5 2. g3 c5 3. Bg2 Nc6 4. d4 e6 5. 0-0 Nf6 6. c4 cxd4 7. Nxd4 Be7 8. Nc3 0-0 9. Bg5 h6 10. Bf4 a6 11. Rc1 Bd6 12. Bxd6 Qxd6 13. cxd5 exd5 14. e4 Be6 15. exd5 Bxd5 16. Nxd5 Nxd5 17. Nf5 Qf6 18. Qxd5 Rad8 19. Qc5 Ne5 20. Ne7+ Kh8 21. Nd5 1-0